00773pam a2200241 a 45000010008000000030004000080050017000120080041000290100017000700200025000870400018001120430012001300500022001420820021001641000020001852450064002052600052002693000021003215040068003426500033004106500037004436500051004803433579OSt20220223110939.0910820s1991 inu b 001 0 eng  a 91032036  a0944934048 :c$27.95 aDLCcDLCdDLC an-us---00aHV875b.F143 199100a362.7/33/0192201 aFahlberg, Vera.12aA child's journey through placement /cby Vera I. Fahlberg. aIndianapolis, IN :bPerspectives Press,cc1991. a432 p. ;c26 cm. aIncludes bibliographical references (p. [397]-[421]) and index. 0aFoster childrenxPsychology. 0aAttachment behavior in children. 0aFoster home carezUnited StatesxCase studies.